[Event "Cracovia 2007"]
[Site "Cracovia POL"]
[Date "2007.12.29"]
[Round "3.7"]
[White "Kravtsiv, Martyn"]
[Black "Kachur, Alexander"]
[Result "1-0"]
[WhiteElo "2498"]
[BlackElo "2320"]
[PlyCount "63"]
[EventDate "2007.12.27"]
[EventType "swiss"]
[EventRounds "9"]
[EventCountry "POL"]
[Source "lmi"]
[SourceDate "2007.12.27"]

1. e4 c5 2. Nf3 e6 3. d4 cxd4 4. Nxd4 a6 5. Bd3 g6 6. Be3 Bg7 7. Nc3 Nc6 8. Nb3
b5 9. Qd2 Rb8 10. O-O-O Ne5 11. Bd4 b4 12. Ne2 f6 13. Ba7 Ra8 14. Bc5 a5 15.
Bb5 Ba6 16. Ned4 Qb8 17. Ba4 Bh6 18. f4 Bxf4 19. Qxf4 Nd3+ 20. Rxd3 Qxf4+ 21.
Rd2 Qe5 22. Bxd7+ Kf7 23. Bxe6+ Kg7 24. Bd6 Qg5 25. Nc5 Qe3 26. Bd5 Ne7 27.
Bxe7 Rhe8 28. Nce6+ Kf7 29. Bd6 Rxe6 30. Nxe6 Re8 31. Nc7+ Kg7 32. Nxe8+ 1-0

[Event "Cracovia 2007"]
[Site "Cracovia POL"]
[Date "2007.12.29"]
[Round "3.8"]
[White "Mikrut, Dariusz"]
[Black "Berg, Daniel"]
[Result "1-0"]
[WhiteElo "2409"]
[BlackElo "2265"]
[PlyCount "63"]
[EventDate "2007.12.27"]
[EventType "swiss"]
[EventRounds "9"]
[EventCountry "POL"]
[Source "lmi"]
[SourceDate "2007.12.27"]

1. d4 d6 2. c4 e5 3. d5 f5 4. e4 Nf6 5. exf5 Bxf5 6. Nc3 Be7 7. Nge2 Na6 8. Ng3
Bg6 9. Bd3 Bxd3 10. Qxd3 Nc5 11. Qe2 a5 12. Be3 b6 13. O-O O-O 14. Rae1 Qd7 15.
Qc2 Ng4 16. Bxc5 bxc5 17. h3 Nh6 18. Re4 Rf7 19. Qb3 Bg5 20. Qb5 Qe7 21. Nce2
Qf8 22. Qb3 g6 23. Qd3 Rb8 24. b3 Ra8 25. Nc3 Bf4 26. Nge2 Bg5 27. h4 Be7 28.
Qh3 Nf5 29. h5 Bg5 30. Rg4 h6 31. hxg6 Rg7 32. f4 1-0

[Event "Cracovia 2007"]
[Site "Cracovia POL"]
[Date "2007.12.29"]
[Round "3.9"]
[White "Baryshpolets, Andrey"]
[Black "Meyer, Lars A"]
[Result "1-0"]
[WhiteElo "2399"]
[BlackElo "2256"]
[PlyCount "86"]
[EventDate "2007.12.27"]
[EventType "swiss"]
[EventRounds "9"]
[EventCountry "POL"]
[Source "lmi"]
[SourceDate "2007.12.27"]

1. d4 Nf6 2. c4 g6 3. Nf3 Bg7 4. g3 O-O 5. Bg2 d6 6. O-O c6 7. Nc3 Bf5 8. b3
Ne4 9. Bb2 Nxc3 10. Bxc3 Be4 11. e3 Nd7 12. Qe2 d5 13. Rfd1 Nf6 14. Rac1 h6 15.
Bf1 a6 16. Ne5 Bf5 17. Bg2 Qd6 18. f3 Nd7 19. e4 Be6 20. exd5 cxd5 21. c5 Qc7
22. Nxg6 Rfe8 23. Nf4 Nf8 24. Nh5 Ng6 25. Nxg7 Kxg7 26. b4 h5 27. a4 h4 28. Be1
Bd7 29. b5 hxg3 30. hxg3 axb5 31. axb5 Ra3 32. f4 e6 33. c6 bxc6 34. bxc6 Bc8
35. f5 Ne7 36. Qg4+ Kh7 37. Qh4+ Kg8 38. f6 Nf5 39. Qg5+ Kh7 40. Qh5+ Kg8 41.
g4 Qf4 42. gxf5 exf5 43. Qh4 Kf8 1-0

[Event "Cracovia 2007"]
[Site "Cracovia POL"]
[Date "2007.12.29"]
[Round "3.10"]
[White "Rudnicki, Milosz"]
[Black "Savickas, Airidas"]
[Result "1/2-1/2"]
[WhiteElo "2160"]
[BlackElo "2368"]
[PlyCount "55"]
[EventDate "2007.12.27"]
[EventType "swiss"]
[EventRounds "9"]
[EventCountry "POL"]
[Source "lmi"]
[SourceDate "2007.12.27"]

1. e4 d6 2. d4 Nf6 3. Nc3 e5 4. dxe5 dxe5 5. Qxd8+ Kxd8 6. Bg5 Be6 7. O-O-O+
Nbd7 8. Nf3 Kc8 9. h3 c6 10. Bd3 Bc5 11. Bh4 h6 12. Bg3 Nh5 13. Bxe5 Nxe5 14.
Nxe5 Bxf2 15. Rhf1 Be3+ 16. Kb1 Bf4 17. Nxc6 bxc6 18. Be2 Be5 19. Bxh5 Rb8 20.
Na4 g6 21. Bf3 Kc7 22. b3 Rbd8 23. Nc5 Bc8 24. Be2 Rxd1+ 25. Bxd1 f6 26. Bg4
Bxg4 27. hxg4 Re8 28. Rd1 1/2-1/2

[Event "Cracovia 2007"]
[Site "Cracovia POL"]
[Date "2007.12.29"]
[Round "4.3"]
[White "Kveinys, Aloyzas"]
[Black "Baryshpolets, Andrey"]
[Result "1/2-1/2"]
[WhiteElo "2517"]
[BlackElo "2399"]
[PlyCount "62"]
[EventDate "2007.12.27"]
[EventType "swiss"]
[EventRounds "9"]
[EventCountry "POL"]
[Source "lmi"]
[SourceDate "2007.12.27"]

1. Nf3 Nf6 2. c4 g6 3. d4 Bg7 4. g3 O-O 5. Bg2 d6 6. O-O Nbd7 7. Nc3 e5 8. e4
c6 9. h3 Re8 10. d5 Nc5 11. Qc2 cxd5 12. cxd5 a5 13. Be3 Bd7 14. Nd2 Rc8 15. a4
Qb6 16. Rfc1 Qb4 17. Na2 Qxa4 18. Qxa4 Nxa4 19. Nc4 Bf8 20. Nxa5 Nxb2 21. Rab1
Ra8 22. Rxb2 Rxa5 23. Bg5 Be7 24. Rc7 Rb5 25. Rxb5 Bxb5 26. Nc3 Ba6 27. Bf1 Bd8
28. Bxa6 bxa6 29. Rc6 Nxd5 30. Nxd5 Bxg5 31. Rxa6 Rd8 1/2-1/2

[Event "Cracovia 2007"]
[Site "Cracovia POL"]
[Date "2007.12.29"]
[Round "4.4"]
[White "Golichenko, Ilija"]
[Black "Kravtsiv, Martyn"]
[Result "0-1"]
[WhiteElo "2369"]
[BlackElo "2498"]
[PlyCount "72"]
[EventDate "2007.12.27"]
[EventType "swiss"]
[EventRounds "9"]
[EventCountry "POL"]
[Source "lmi"]
[SourceDate "2007.12.27"]

1. d4 Nf6 2. c4 e6 3. Nf3 b6 4. g3 Bb7 5. Bg2 Bb4+ 6. Bd2 c5 7. Bxb4 cxb4 8.
O-O O-O 9. a3 bxa3 10. Rxa3 Nc6 11. Nc3 d6 12. e4 e5 13. Nb5 Nxe4 14. Nxe5 dxe5
15. Bxe4 a6 16. Qf3 Rc8 17. Qg2 axb5 18. cxb5 Nxd4 19. Bxb7 Rc5 20. Ra8 Qd6 21.
Rxf8+ Kxf8 22. Ba6 g6 23. Qe4 Nxb5 24. b4 Rd5 25. Rc1 Nc7 26. Bc4 Rd4 27. Qb7
Nd5 28. Bb3 Kg7 29. b5 Rd3 30. Rc6 Qe7 31. Qxe7 Nxe7 32. Bc2 Nxc6 33. Bxd3 Nd4
34. f4 Nf3+ 35. Kf2 Nxh2 36. Be2 f5 0-1

[Event "Cracovia 2007"]
[Site "Cracovia POL"]
[Date "2007.12.29"]
[Round "4.6"]
[White "Swiercz, Dariusz"]
[Black "Mikrut, Dariusz"]
[Result "1-0"]
[WhiteElo "2274"]
[BlackElo "2409"]
[PlyCount "73"]
[EventDate "2007.12.27"]
[EventType "swiss"]
[EventRounds "9"]
[EventCountry "POL"]
[Source "lmi"]
[SourceDate "2007.12.27"]

1. e4 c5 2. Nf3 d6 3. d4 cxd4 4. Nxd4 Nf6 5. Nc3 g6 6. Be3 Bg7 7. f3 Nc6 8. Qd2
O-O 9. O-O-O d5 10. Nxc6 bxc6 11. Bh6 Bxh6 12. Qxh6 Qb6 13. e5 Nd7 14. h4 Nxe5
15. h5 Bf5 16. g4 Rab8 17. b3 f6 18. Qf4 g5 19. Qxf5 Qe3+ 20. Kb2 Rf7 21. Ba6
e6 22. Rd3 exf5 23. Rxe3 d4 24. Re2 dxc3+ 25. Kxc3 fxg4 26. fxg4 Nxg4 27. Bc4
Ne5 28. Bxf7+ Kxf7 29. Rd1 g4 30. Rd4 Rg8 31. Ra4 Ke6 32. Rxa7 g3 33. Rg2 Kf5
34. h6 Rg5 35. Rxh7 Kf4 36. Rg7 Ng6 37. h7 1-0

[Event "Cracovia 2007"]
[Site "Cracovia POL"]
[Date "2007.12.29"]
[Round "4.7"]
[White "Bulski, Krzysztof"]
[Black "Samojlov, Anton"]
[Result "0-1"]
[WhiteElo "2421"]
[BlackElo "2270"]
[PlyCount "74"]
[EventDate "2007.12.27"]
[EventType "swiss"]
[EventRounds "9"]
[EventCountry "POL"]
[Source "lmi"]
[SourceDate "2007.12.27"]

1. e4 c5 2. Nf3 Nc6 3. d4 cxd4 4. Nxd4 Nf6 5. Nc3 e5 6. Ndb5 d6 7. Bg5 a6 8.
Na3 b5 9. Nd5 Be7 10. Bxf6 Bxf6 11. c3 Bb7 12. Nc2 Nb8 13. a4 bxa4 14. Nce3 O-O
15. Rxa4 Nd7 16. b4 a5 17. Be2 Bg5 18. O-O Bxe3 19. Nxe3 Nf6 20. Bf3 Bxe4 21.
Bxe4 Nxe4 22. Qd3 axb4 23. Rxb4 Nc5 24. Qd5 Ra3 25. Rc1 Ne6 26. g3 Ra5 27. Qd2
d5 28. Rd1 d4 29. Nc2 Ng5 30. Qd3 Qa8 31. h4 e4 32. Qc4 Nf3+ 33. Kf1 d3 34. Ne3
Ra1 35. Qb5 Qc8 36. Kg2 Rxd1 37. Nxd1 Nxh4+ 0-1

[Event "Cracovia 2007"]
[Site "Cracovia POL"]
[Date "2007.12.29"]
[Round "4.8"]
[White "Savickas, Airidas"]
[Black "Panocki, Adrian"]
[Result "1-0"]
[WhiteElo "2368"]
[BlackElo "2266"]
[PlyCount "71"]
[EventDate "2007.12.27"]
[EventType "swiss"]
[EventRounds "9"]
[EventCountry "POL"]
[Source "lmi"]
[SourceDate "2007.12.27"]

1. e4 d6 2. d4 Nf6 3. Nc3 g6 4. Nf3 Bg7 5. Be2 O-O 6. O-O c6 7. a4 a5 8. Be3
Na6 9. Nd2 Nb4 10. Ncb1 e5 11. dxe5 dxe5 12. c3 Na6 13. f3 Be6 14. Bc4 Qe7 15.
Bxe6 Qxe6 16. Qb3 Qxb3 17. Nxb3 b6 18. Na3 Rfd8 19. Nc4 Nd7 20. Rfd1 Bf8 21.
Rxd7 Rxd7 22. Nxb6 Rb8 23. Nxd7 Rxb3 24. Nxf8 Kxf8 25. Rb1 Ke7 26. Kf2 f6 27.
Ke2 Rb7 28. Kd3 Kd6 29. Kc4 Nb8 30. b4 Kc7 31. h4 Nd7 32. Rd1 Nb6+ 33. Bxb6+
Rxb6 34. Kc5 axb4 35. cxb4 Ra6 36. a5 1-0

[Event "Cracovia 2007"]
[Site "Cracovia POL"]
[Date "2007.12.29"]
[Round "4.9"]
[White "Bartel, Michal"]
[Black "Kosiorek, Marek"]
[Result "0-1"]
[WhiteElo "2268"]
[BlackElo "2358"]
[PlyCount "86"]
[EventDate "2007.12.27"]
[EventType "swiss"]
[EventRounds "9"]
[EventCountry "POL"]
[Source "lmi"]
[SourceDate "2007.12.27"]

1. e4 c6 2. Nc3 d5 3. d4 dxe4 4. Nxe4 Bf5 5. Nc5 b6 6. Nb3 e6 7. Bd3 Bxd3 8.
Qxd3 Nf6 9. Nf3 Nbd7 10. Bg5 Be7 11. Bxf6 Nxf6 12. O-O O-O 13. Rfe1 Qc7 14. Ne5
Rfd8 15. Qf3 Rac8 16. Rad1 c5 17. h3 Bd6 18. Ng4 Nxg4 19. Qxg4 c4 20. Nc1 b5
21. Ne2 b4 22. h4 Qa5 23. d5 exd5 24. Nd4 Bf8 25. Re5 Qxa2 26. Nf5 Rc6 27.
Rdxd5 Rxd5 28. Rxd5 Qxb2 29. h5 b3 30. Rd8 Qa1+ 31. Kh2 Qe5+ 32. f4 Qf6 33. Qg5
Qxg5 34. fxg5 Rc7 35. h6 gxh6 36. cxb3 c3 37. Nxh6+ Kg7 38. Nf5+ Kg6 39. Ne3
Bg7 40. Rd6+ Kxg5 41. Rd5+ Kf4 42. Nc2 Ke4 43. Rd1 a5 0-1

[Event "Cracovia 2007"]
[Site "Cracovia POL"]
[Date "2007.12.29"]
[Round "4.10"]
[White "Vaznonis, Vytautas"]
[Black "Kalvaitis, Sigitas"]
[Result "1-0"]
[WhiteElo "2357"]
[BlackElo "2245"]
[PlyCount "75"]
[EventDate "2007.12.27"]
[EventType "swiss"]
[EventRounds "9"]
[EventCountry "POL"]
[Source "lmi"]
[SourceDate "2007.12.27"]

1. d4 e6 2. c4 Nf6 3. Nc3 Bb4 4. Qc2 O-O 5. a3 Bxc3+ 6. Qxc3 b6 7. Bg5 h6 8.
Bh4 Bb7 9. Nf3 d6 10. Nd2 Nbd7 11. f3 c5 12. e4 Qc7 13. Be2 Nh5 14. O-O Nf4 15.
Bd1 e5 16. d5 g5 17. Be1 a6 18. g3 Ng6 19. Rf2 Bc8 20. Nf1 Nf6 21. Ne3 Ne7 22.
Qd3 Kh8 23. Bc3 Rg8 24. Kh1 Ne8 25. f4 f6 26. fxg5 hxg5 27. Bh5 Ng6 28. Raf1
Qh7 29. Bg4 Ne7 30. Bxc8 Rxc8 31. Ng4 Rf8 32. Nxf6 Nxf6 33. Rxf6 Kg8 34. Bd2 g4
35. Qe2 Qg7 36. Bh6 Qxf6 37. Rxf6 Rxf6 38. Bg5 1-0

[Event "Cracovia 2007"]
[Site "Cracovia POL"]
[Date "2007.12.30"]
[Round "5.1"]
[White "Jakubiec, Artur"]
[Black "Piorun, Kacper"]
[Result "1-0"]
[WhiteElo "2524"]
[BlackElo "2353"]
[PlyCount "87"]
[EventDate "2007.12.27"]
[EventType "swiss"]
[EventRounds "9"]
[EventCountry "POL"]
[Source "lmi"]
[SourceDate "2007.12.27"]

1. f4 Nf6 2. Nf3 g6 3. g3 Bg7 4. Bg2 d5 5. O-O c5 6. d3 Nc6 7. Qe1 O-O 8. Na3
d4 9. c3 dxc3 10. bxc3 Rb8 11. Rb1 b6 12. Nc2 Bb7 13. c4 Qc7 14. Bb2 Rbd8 15.
Ne3 e6 16. Nc2 Rfe8 17. Bc3 Ba8 18. Rb3 Bb7 19. Qa1 Nh5 20. Ne5 Nxe5 21. fxe5
Bxg2 22. Kxg2 Bh6 23. Rf3 Qc6 24. Rb1 Rd7 25. Rbf1 Rb8 26. Kg1 Bf8 27. Ne3 Ng7
28. Ng4 Ne8 29. Qc1 Rbb7 30. Qf4 Bg7 31. Nh6+ Bxh6 32. Qxh6 b5 33. Rf4 b4 34.
Ba1 a5 35. Rh4 f5 36. exf6 Rf7 37. Re4 a4 38. Qe3 Nc7 39. Re5 b3 40. Rxc5 Qd7
41. axb3 axb3 42. Bb2 Ne8 43. Ra5 Rb8 44. Qe5 1-0

[Event "Cracovia 2007"]
[Site "Cracovia POL"]
[Date "2007.12.30"]
[Round "5.2"]
[White "Kravtsiv, Martyn"]
[Black "Szoen, Dariusz"]
[Result "0-1"]
[WhiteElo "2498"]
[BlackElo "2481"]
[PlyCount "100"]
[EventDate "2007.12.27"]
[EventType "swiss"]
[EventRounds "9"]
[EventCountry "POL"]
[Source "lmi"]
[SourceDate "2007.12.27"]

1. e4 e5 2. Nf3 Nc6 3. Bb5 a6 4. Ba4 Nf6 5. O-O Be7 6. d3 b5 7. Bb3 d6 8. a4 b4
9. a5 O-O 10. Nbd2 Be6 11. Nc4 h6 12. Be3 Na7 13. h3 Nb5 14. Nfd2 Rb8 15. Ba2
Rc8 16. Kh1 Re8 17. f4 exf4 18. Bxf4 Bf8 19. Ne3 Bxa2 20. Rxa2 Nd4 21. c3 Nc6
22. Nf3 bxc3 23. bxc3 Ne7 24. Nh4 Ng6 25. Nxg6 fxg6 26. Qb3+ Kh7 27. Qc4 Nh5
28. Qxa6 Be7 29. Qc6 Bg5 30. Bxg5 Qxg5 31. Rf3 Rf8 32. Raf2 Rxf3 33. Rxf3 Rb8
34. Qd5 Qh4 35. Kh2 Qe1 36. a6 Rb1 37. Rf1 Qg3+ 38. Kh1 Rxf1+ 39. Nxf1 Qf2 40.
e5 Qxf1+ 41. Kh2 Qf4+ 42. Kg1 Qe3+ 43. Kh2 dxe5 44. Qe4 Qg3+ 45. Kh1 Qf2 46.
Qf3 Qa2 47. Qb7 Nf4 48. Kh2 Nxg2 49. a7 Nf4+ 50. Kh1 c6 0-1

[Event "Cracovia 2007"]
[Site "Cracovia POL"]
[Date "2007.12.30"]
[Round "5.3"]
[White "Czarnota, Pawel"]
[Black "Swiercz, Dariusz"]
[Result "1/2-1/2"]
[WhiteElo "2554"]
[BlackElo "2274"]
[PlyCount "92"]
[EventDate "2007.12.27"]
[EventType "swiss"]
[EventRounds "9"]
[EventCountry "POL"]
[Source "lmi"]
[SourceDate "2007.12.27"]

1. e4 c5 2. Nf3 d6 3. d4 cxd4 4. Nxd4 Nf6 5. Nc3 a6 6. Be3 e5 7. Nb3 Be7 8. Qd2
Ng4 9. Nd5 Nxe3 10. Qxe3 Be6 11. Rd1 Nc6 12. c3 O-O 13. Be2 Bg5 14. Qd3 Rc8 15.
O-O Ne7 16. Nxe7+ Bxe7 17. Qg3 Qb6 18. Bg4 a5 19. Rd2 a4 20. Nc1 a3 21. bxa3
Bxg4 22. Qxg4 Rxc3 23. Ne2 Rxa3 24. Ng3 g6 25. Qd7 Bh4 26. Rxd6 Qb4 27. Rd5
Bxg3 28. hxg3 Qxe4 29. Qxb7 Rxa2 30. Qb3 Re2 31. Qd1 Rc8 32. Rd3 Rec2 33. Re1
Qf5 34. Rf3 Qe6 35. Rfe3 R2c5 36. Qa1 Re8 37. Qb2 Rd5 38. Qa1 Qd6 39. Kh2 h5
40. Re4 Rd2 41. Rxe5 Rxe5 42. Rxe5 Qc6 43. Ra5 Rd8 44. f4 Qd6 45. Ra6 Qd4 46.
Qa2 Qd5 1/2-1/2

[Event "Cracovia 2007"]
[Site "Cracovia POL"]
[Date "2007.12.30"]
[Round "5.4"]
[White "Kosiorek, Marek"]
[Black "Kveinys, Aloyzas"]
[Result "0-1"]
[WhiteElo "2358"]
[BlackElo "2517"]
[PlyCount "60"]
[EventDate "2007.12.27"]
[EventType "swiss"]
[EventRounds "9"]
[EventCountry "POL"]
[Source "lmi"]
[SourceDate "2007.12.27"]

1. d4 Nf6 2. c4 e6 3. g3 Bb4+ 4. Bd2 a5 5. Nf3 d6 6. Bg2 Nbd7 7. O-O e5 8. Nc3
c6 9. Qc2 O-O 10. Rfd1 Qe7 11. e4 exd4 12. Nxd4 Ne5 13. Nce2 Re8 14. h3 Bd7 15.
a3 Bc5 16. Be3 a4 17. f4 Ng6 18. Nc3 h5 19. Qd2 Qd8 20. Nf3 Bxe3+ 21. Qxe3 Bf5
22. Ng5 h4 23. Qd4 Bc8 24. e5 Nh5 25. exd6 Bd7 26. Nce4 hxg3 27. Nc5 Nhxf4 28.
Kh1 Qxg5 29. Nxd7 Nxg2 30. Kxg2 Nh4+ 0-1

[Event "Cracovia 2007"]
[Site "Cracovia POL"]
[Date "2007.12.30"]
[Round "5.5"]
[White "Gumula, Daniel"]
[Black "Shkapenko, Pavel"]
[Result "1/2-1/2"]
[WhiteElo "2344"]
[BlackElo "2404"]
[PlyCount "61"]
[EventDate "2007.12.27"]
[EventType "swiss"]
[EventRounds "9"]
[EventCountry "POL"]
[Source "lmi"]
[SourceDate "2007.12.27"]

1. d4 Nf6 2. c4 e6 3. Nc3 Bb4 4. Qc2 Nc6 5. Nf3 d6 6. Bd2 Qe7 7. a3 Bxc3 8.
Bxc3 O-O 9. e3 a5 10. b3 e5 11. d5 Nb8 12. Be2 Bg4 13. O-O Nbd7 14. Nh4 Bxe2
15. Nf5 Qd8 16. Qxe2 Nc5 17. b4 Qd7 18. Ng3 Na4 19. Bd2 axb4 20. axb4 c6 21. e4
cxd5 22. cxd5 Rfc8 23. f4 Ne8 24. Nf5 Nb6 25. Rxa8 Rxa8 26. Qg4 Kh8 27. fxe5
dxe5 28. Rc1 f6 29. Be3 Rc8 30. Bc5 g6 31. Ne3 1/2-1/2

[Event "Cracovia 2007"]
[Site "Cracovia POL"]
[Date "2007.12.30"]
[Round "5.6"]
[White "Baryshpolets, Andrey"]
[Black "Vaznonis, Vytautas"]
[Result "1-0"]
[WhiteElo "2399"]
[BlackElo "2357"]
[PlyCount "149"]
[EventDate "2007.12.27"]
[EventType "swiss"]
[EventRounds "9"]
[EventCountry "POL"]
[Source "lmi"]
[SourceDate "2007.12.27"]

1. d4 d5 2. c4 c6 3. Nf3 Nf6 4. Nc3 dxc4 5. a4 Bf5 6. Ne5 Nbd7 7. Nxc4 Qc7 8.
g3 e5 9. dxe5 Nxe5 10. Bf4 Nfd7 11. Bg2 f6 12. O-O Nc5 13. e4 Bg6 14. Qe2 Ne6
15. Be3 Bf7 16. Na3 Bc5 17. Bxc5 Nxc5 18. b4 Nb3 19. Rad1 Qb6 20. Nc2 O-O 21.
a5 Qc7 22. f4 Bc4 23. Qe3 Ng6 24. Rfe1 b6 25. axb6 axb6 26. b5 cxb5 27. Nb4 Qc5
28. Ncd5 Ra4 29. Nd3 Qxe3+ 30. Rxe3 Rb8 31. e5 fxe5 32. Nxe5 Nxe5 33. fxe5 Ra7
34. e6 Na5 35. Nxb6 Re7 36. Ra3 Nb3 37. Rd7 Rxd7 38. exd7 Nc5 39. Ra8 Rxa8 40.
Bxa8 Nxd7 41. Nxd7 g6 42. Ne5 Be6 43. Nd3 Bc4 44. Nb4 Kg7 45. Kf2 Kf6 46. Ke3
h5 47. Bc6 g5 48. Nc2 Bf1 49. Nd4 b4 50. Ba4 h4 51. Nc2 hxg3 52. hxg3 Kf5 53.
Bd7+ Kf6 54. Nxb4 Bc4 55. Kd4 Bf7 56. Nc2 Bb3 57. Ne3 Bf7 58. Ng4+ Kg7 59. Ke5
Bb3 60. Ne3 Ba2 61. Nf5+ Kg6 62. Be8+ Kh7 63. Kf6 Bb1 64. Kxg5 Kg8 65. Kf6 Kf8
66. Bg6 Ba2 67. g4 Bc4 68. g5 Bf7 69. Bh7 Bh5 70. Nh6 Be8 71. Bg6 Bb5 72. Bh7
Be8 73. Nf5 Bh5 74. Nd4 Be8 75. Ne6# 1-0

[Event "Cracovia 2007"]
[Site "Cracovia POL"]
[Date "2007.12.30"]
[Round "5.7"]
[White "Samojlov, Anton"]
[Black "Savickas, Airidas"]
[Result "0-1"]
[WhiteElo "2270"]
[BlackElo "2368"]
[PlyCount "94"]
[EventDate "2007.12.27"]
[EventType "swiss"]
[EventRounds "9"]
[EventCountry "POL"]
[Source "lmi"]
[SourceDate "2007.12.27"]

1. d4 Nf6 2. c4 c5 3. d5 b5 4. cxb5 a6 5. b6 Bb7 6. Nc3 e6 7. e4 exd5 8. exd5
d6 9. a4 a5 10. Bb5+ Nbd7 11. Nge2 Be7 12. O-O O-O 13. Nf4 Nxb6 14. Qf3 Ne8 15.
Rd1 Nc7 16. Bc6 Rb8 17. Be3 Nc4 18. Bxc5 dxc5 19. Ne4 Bd6 20. Nh5 f6 21. Qg4 g6
22. Nhxf6+ Rxf6 23. Nxf6+ Qxf6 24. Qxc4 Ba6 25. Qc3 Be5 26. Qe1 Rxb2 27. d6 Re2
28. Qf1 Ne6 29. Rab1 Nd8 30. Bd5+ Kh8 31. d7 Bd4 32. Bf3 Rxf2 33. Qxf2 Bxf2+
34. Kxf2 Bb7 35. Rb3 Kg7 36. Re3 Bxf3 37. Rxf3 Qh4+ 38. Kg1 Qxa4 39. Rd6 Qa1+
40. Kf2 Qe5 41. Rd2 Qxh2 42. Re3 Qf4+ 43. Ke2 a4 44. Re7+ Kf6 45. Re8 Qc7 46.
Kd1 a3 47. Kc2 Qb6 0-1

[Event "Cracovia 2007"]
[Site "Cracovia POL"]
[Date "2007.12.30"]
[Round "5.8"]
[White "Kuzmicz, Krystian"]
[Black "Granovski, Aleksandar"]
[Result "0-1"]
[WhiteElo "2422"]
[BlackElo "2338"]
[PlyCount "116"]
[EventDate "2007.12.27"]
[EventType "swiss"]
[EventRounds "9"]
[EventCountry "POL"]
[Source "lmi"]
[SourceDate "2007.12.27"]

1. g3 d5 2. Bg2 Nf6 3. c4 d4 4. d3 c5 5. f4 Nc6 6. Bxc6+ bxc6 7. Qa4 Qb6 8. Nf3
Bh3 9. Rg1 Rc8 10. Nbd2 e6 11. Nb3 Be7 12. Bd2 Ng4 13. Qa3 Ne3 14. Bxe3 dxe3
15. O-O-O f6 16. Na1 e5 17. fxe5 fxe5 18. g4 O-O 19. Rg3 Rxf3 20. Rxf3 Bxg4 21.
Rg3 h5 22. h3 Bh4 23. Rg2 Bf5 24. Rdg1 Bf6 25. Rg3 e4 26. dxe4 Bxe4 27. Nb3 Rb8
28. Rxe3 Bh7 29. Rf3 Be5 30. Rg5 Qc7 31. Rxh5 Be4 32. Qxc5 Bf4+ 33. Kd1 Bxf3
34. exf3 Qd7+ 35. Kc2 Rd8 36. Nd4 Qxd4 37. Qxd4 Rxd4 38. Kc3 Rd6 39. b4 Rh6 40.
Rxh6 gxh6 41. Kd4 Bd6 42. c5 Bg3 43. a4 Kf7 44. b5 Ke7 45. Kc4 Kd7 46. Kd4 Bf2+
47. Kc4 Be3 48. Kb4 Kc7 49. Kc4 Kb7 50. Kb4 h5 51. Kc4 a5 52. Kd3 Bxc5 53.
bxc6+ Kxc6 54. Ke4 h4 55. f4 Bd6 56. f5 Kd7 57. Kf3 Ke7 58. Kg4 Kf6 0-1

[Event "Cracovia 2007"]
[Site "Cracovia POL"]
[Date "2007.12.30"]
[Round "5.9"]
[White "Mikrut, Dariusz"]
[Black "Galazewski, Tomasz"]
[Result "1-0"]
[WhiteElo "2409"]
[BlackElo "2289"]
[PlyCount "103"]
[EventDate "2007.12.27"]
[EventType "swiss"]
[EventRounds "9"]
[EventCountry "POL"]
[Source "lmi"]
[SourceDate "2007.12.27"]

1. d4 Nf6 2. c4 e6 3. Nf3 Bb4+ 4. Nbd2 O-O 5. e3 b6 6. Bd3 Bb7 7. O-O Bxd2 8.
Nxd2 d6 9. b3 Nbd7 10. Bb2 Re8 11. Qc2 Qe7 12. f3 Rac8 13. Rae1 e5 14. Bf5 exd4
15. Bxd4 Rcd8 16. e4 g6 17. Bh3 Nh5 18. g3 Qg5 19. f4 Qh6 20. Bg2 c5 21. Bb2
Qf8 22. Qc3 Qg7 23. Qc1 Qf8 24. Nb1 f5 25. Nc3 Ndf6 26. Qc2 fxe4 27. Nxe4 Nxe4
28. Bxe4 Bxe4 29. Rxe4 Rxe4 30. Qxe4 Qf7 31. Rd1 Nf6 32. Qd3 Qe6 33. Bxf6 Qxf6
34. Qd5+ Qf7 35. Kf2 Qxd5 36. Rxd5 Kf7 37. Kf3 Ke6 38. g4 a6 39. Ke4 Re8 40.
f5+ gxf5+ 41. Rxf5 Re7 42. h4 b5 43. g5 bxc4 44. bxc4 a5 45. a4 Re8 46. h5 Re7
47. g6 hxg6 48. hxg6 Rg7 49. Rg5 Kf6 50. Rg2 Ke6 51. Rg1 Kd7 52. Kf5 1-0

[Event "Cracovia 2007"]
[Site "Cracovia POL"]
[Date "2007.12.30"]
[Round "5.10"]
[White "Beinoras, Mindaugas"]
[Black "Golichenko, Ilija"]
[Result "1-0"]
[WhiteElo "2280"]
[BlackElo "2369"]
[PlyCount "93"]
[EventDate "2007.12.27"]
[EventType "swiss"]
[EventRounds "9"]
[EventCountry "POL"]
[Source "lmi"]
[SourceDate "2007.12.27"]

1. d4 Nf6 2. c4 e6 3. Nf3 b6 4. g3 Bb7 5. Bg2 Be7 6. O-O O-O 7. Nc3 Ne4 8. Nxe4
Bxe4 9. Ne1 Bxg2 10. Nxg2 f5 11. Qc2 Bf6 12. Rd1 Nc6 13. Be3 Qe8 14. f4 d6 15.
Bf2 Nb4 16. Qd2 c5 17. Ne1 e5 18. fxe5 dxe5 19. dxc5 Nc6 20. cxb6 Rd8 21. Qc2
e4 22. Rxd8 Qxd8 23. Rd1 Qe7 24. Ng2 axb6 25. c5 b5 26. Qb3+ Qf7 27. Qxb5 Ne5
28. c6 Rc8 29. Rc1 Qxa2 30. Qb7 Qe6 31. Nf4 Qe8 32. c7 Nd7 33. Nd5 h5 34. Rc6
Kh7 35. b4 h4 36. Qb5 Be5 37. Rc2 Qf7 38. Qb7 Qe8 39. b5 f4 40. gxf4 Bd6 41.
Bxh4 e3 42. Bg3 Qe4 43. Qc6 Qd4 44. Qc4 Qd1+ 45. Kg2 Nc5 46. b6 Ra8 47. Rc1 1-0

[Event "Cracovia 2007"]
[Site "Cracovia POL"]
[Date "2007.12.31"]
[Round "6.2"]
[White "Szoen, Dariusz"]
[Black "Baryshpolets, Andrey"]
[Result "1-0"]
[WhiteElo "2481"]
[BlackElo "2399"]
[PlyCount "53"]
[EventDate "2007.12.27"]
[EventType "swiss"]
[EventRounds "9"]
[EventCountry "POL"]
[Source "lmi"]
[SourceDate "2007.12.27"]

1. e4 c5 2. Nf3 d6 3. d4 cxd4 4. Nxd4 Nf6 5. Nc3 Nc6 6. Bc4 e6 7. Be3 Be7 8.
Bb3 O-O 9. Qe2 a6 10. O-O-O Qc7 11. g4 Nxd4 12. Rxd4 b5 13. g5 Nd7 14. Rg1 Rd8
15. h4 Nc5 16. h5 Rb8 17. Qf3 Rf8 18. Qg2 a5 19. g6 fxg6 20. hxg6 h6 21. Qh2 a4
22. Bxh6 gxh6 23. Qxh6 Bf6 24. g7 Bxg7 25. e5 dxe5 26. Rh4 Rf4 27. Qh8+ 1-0

[Event "Cracovia 2007"]
[Site "Cracovia POL"]
[Date "2007.12.31"]
[Round "6.3"]
[White "Granovski, Aleksandar"]
[Black "Swiercz, Dariusz"]
[Result "1/2-1/2"]
[WhiteElo "2338"]
[BlackElo "2274"]
[PlyCount "88"]
[EventDate "2007.12.27"]
[EventType "swiss"]
[EventRounds "9"]
[EventCountry "POL"]
[Source "lmi"]
[SourceDate "2007.12.27"]

1. e4 e6 2. Nf3 d5 3. Nc3 Nf6 4. e5 Nfd7 5. d4 c5 6. dxc5 Nc6 7. Bf4 Nxc5 8.
Be2 Be7 9. O-O O-O 10. Re1 a6 11. Bf1 b5 12. a3 Qb6 13. Nd4 Nxd4 14. Qxd4 Na4
15. Qxb6 Nxb6 16. a4 d4 17. Ne2 Nxa4 18. b3 Nb6 19. Nxd4 Bb4 20. Red1 Bc3 21.
Rac1 Nd5 22. Ne2 Nxf4 23. Nxc3 Ng6 24. Re1 Bb7 25. Ne4 Bxe4 26. Rxe4 Rfc8 27.
c4 bxc4 28. Bxc4 a5 29. Ra1 Ne7 30. f4 Nc6 31. Re2 Nd4 32. Rea2 Rab8 33. Rxa5
Nxb3 34. Bxb3 Rxb3 35. Ra8 Rbb8 36. Rxb8 Rxb8 37. Kf2 g6 38. g4 h6 39. h4 Rb4
40. Kf3 Rb3+ 41. Kg2 Rb2+ 42. Kg3 Re2 43. g5 Re3+ 44. Kg2 h5 1/2-1/2

[Event "Cracovia 2007"]
[Site "Cracovia POL"]
[Date "2007.12.31"]
[Round "6.4"]
[White "Savickas, Airidas"]
[Black "Kravtsiv, Martyn"]
[Result "0-1"]
[WhiteElo "2368"]
[BlackElo "2498"]
[PlyCount "56"]
[EventDate "2007.12.27"]
[EventType "swiss"]
[EventRounds "9"]
[EventCountry "POL"]
[Source "lmi"]
[SourceDate "2007.12.27"]

1. e4 e5 2. Nf3 Nc6 3. Bc4 Nf6 4. d3 Be7 5. O-O O-O 6. Re1 d6 7. c3 Na5 8. Bb5
a6 9. Ba4 b5 10. b4 bxa4 11. bxa5 c5 12. c4 Qxa5 13. Bd2 Qc7 14. Qxa4 Bg4 15.
Ba5 Qc8 16. Nfd2 Nh5 17. Nf1 Nf4 18. Re3 Ne2+ 19. Kh1 Bg5 20. f3 Bxe3 21. Nxe3
Be6 22. Nd5 Qb7 23. Qd1 Bxd5 24. cxd5 Qb2 25. Nd2 Nf4 26. Qc1 Qd4 27. Qf1 Rfc8
28. Nc4 Nxd3 0-1